[Event "38th Greek Team Championship"]
[Site "Olympic Boxing Center, Periste"]
[Date "2010.07.05"]
[Round "1.1"]
[White "Braun, Arik"]
[Black "Halkias, Stelios"]
[Result "0-1"]
[WhiteElo "2527"]
[BlackElo "2588"]
[PlyCount "110"]
[EventDate "2010.07.05"]
[WhiteTeam "SO PATRON"]
[BlackTeam "PS PERISTERIOU"]

1. d4 d5 2. c4 e6 3. Nf3 Nf6 4. Nc3 Be7 5. cxd5 exd5 6. Bg5 c6 7. Qc2 g6 8. e3
Bf5 9. Bd3 Bxd3 10. Qxd3 Nbd7 11. Bh6 Ng4 12. Bf4 O-O 13. h3 Ngf6 14. O-O-O b5
15. Ne5 Nxe5 16. Bxe5 Nd7 17. Bf4 Bf6 18. g4 Qa5 19. Kb1 Rfd8 20. g5 Bg7 21.
Bd6 Nb6 22. Bc5 b4 23. Ne2 Nc4 24. b3 Na3+ 25. Kc1 Rab8 26. Kd2 Rb5 27. Rc1
Nc4+ 28. Ke1 Rxc5 29. dxc5 Ne5 30. Qc2 Nf3+ 31. Kf1 Nxg5 32. h4 Ne4 33. h5 Nc3
34. hxg6 hxg6 35. a4 Qxc5 36. Rh3 Qd6 37. Kg2 c5 38. Rch1 d4 39. exd4 Qc6+ 40.
Kf1 cxd4 41. Nf4 Re8 42. Qd3 Ne4 43. Ne2 Nc5 44. Qc4 d3 45. Nd4 Qd6 46. Rf3 Rf8
47. Nf5 d2 48. Nxd6 d1=Q+ 49. Kg2 Qxd6 50. Qxb4 Qd5 51. Qa5 Qg5+ 52. Rg3 Qe7
53. Qb4 Re8 54. Qc4 Qb7+ 55. Rf3 Re4 0-1

[Event "38th Greek Team Championship"]
[Site "Olympic Boxing Center, Periste"]
[Date "2010.07.05"]
[Round "1.1"]
[White "Banikas, Hristos"]
[Black "Skoularikis, Fotios"]
[Result "1-0"]
[WhiteElo "2591"]
[BlackElo "2224"]
[PlyCount "57"]
[EventDate "2010.07.05"]
[WhiteTeam "PS PERISTERIOU"]
[BlackTeam "SO PATRON"]

1. d4 Nf6 2. Nf3 g6 3. c4 c5 4. d5 b5 5. cxb5 a6 6. e3 d6 7. Nc3 Bg7 8. a4 O-O
9. Ra3 axb5 10. Bxb5 Na6 11. O-O Nb4 12. h3 Ba6 13. Bxa6 Rxa6 14. e4 Nd7 15.
Qe2 Qa8 16. Bg5 Re8 17. Rd1 Ra5 18. Nb5 Qb7 19. b3 Rea8 20. Bc1 Nb6 21. Bb2
Bxb2 22. Qxb2 c4 23. Nbd4 Nd7 24. bxc4 Nc5 25. Rb1 Rxa4 26. Rxa4 Rxa4 27. Nc6
Nxc6 28. Qxb7 Nxb7 29. dxc6 1-0

[Event "38th Greek Team Championship"]
[Site "Olympic Boxing Center, Periste"]
[Date "2010.07.05"]
[Round "1.1"]
[White "Tsangaris, Spyridon"]
[Black "Kotronias, Vasilios"]
[Result "0-1"]
[WhiteElo "2012"]
[BlackElo "2582"]
[PlyCount "52"]
[EventDate "2010.07.05"]
[WhiteTeam "SO PATRON"]
[BlackTeam "PS PERISTERIOU"]

1. c4 Nf6 2. Nc3 g6 3. g3 Bg7 4. Bg2 O-O 5. Nf3 d6 6. O-O e5 7. d3 Re8 8. Rb1
a5 9. a3 h6 10. b4 axb4 11. axb4 e4 12. Ne1 exd3 13. exd3 Nc6 14. Nc2 Bg4 15.
f3 Be6 16. b5 Ne7 17. Ne4 d5 18. Nc5 Bc8 19. Nb3 dxc4 20. dxc4 Ra4 21. Ne3 Qxd1
22. Rxd1 Nf5 23. Nd5 Nxd5 24. cxd5 Nd4 25. Nxd4 Bxd4+ 26. Kf1 Bf5 0-1

[Event "38th Greek Team Championship"]
[Site "Olympic Boxing Center, Periste"]
[Date "2010.07.05"]
[Round "1.1"]
[White "Tzermiadianos, Andreas"]
[Black "Alexandrou, Anastasios"]
[Result "1-0"]
[WhiteElo "2425"]
[BlackElo "1941"]
[PlyCount "41"]
[EventDate "2010.07.05"]
[WhiteTeam "PS PERISTERIOU"]
[BlackTeam "SO PATRON"]

1. e4 d5 2. exd5 Nf6 3. d4 c6 4. dxc6 Nxc6 5. Nf3 e5 6. Bb5 e4 7. Ne5 Qc7 8.
Bf4 Bd6 9. Nd2 Nd5 10. Bg3 e3 11. Ndc4 a6 12. Bxc6+ bxc6 13. Nxd6+ Qxd6 14. O-O
O-O 15. c4 exf2+ 16. Rxf2 Ne7 17. Nxf7 Qb4 18. Bd6 Qxc4 19. Ne5 Qe6 20. Rxf8+
Kxf8 21. Qf3+ 1-0

[Event "38th Greek Team Championship"]
[Site "Olympic Boxing Center, Periste"]
[Date "2010.07.05"]
[Round "1.1"]
[White "Toumbeli, Zoi"]
[Black "Papadopoulou, Vera"]
[Result "0-1"]
[WhiteElo "1994"]
[BlackElo "2242"]
[PlyCount "132"]
[EventDate "2010.07.05"]
[WhiteTeam "SO PATRON"]
[BlackTeam "PS PERISTERIOU"]

1. Nf3 Nf6 2. d4 d6 3. c3 g6 4. Bg5 Bg7 5. Nbd2 Nbd7 6. e4 O-O 7. Bd3 c5 8. O-O
Rb8 9. e5 dxe5 10. dxe5 Ng4 11. e6 fxe6 12. Ne4 Nde5 13. Nxe5 Nxe5 14. Bc2 Qc7
15. Qe2 b6 16. Rad1 c4 17. Rd2 Bb7 18. Rfd1 Bd5 19. Ng3 Bf3 20. gxf3 Nxf3+ 21.
Kg2 Nxg5 22. Rd7 Qf4 23. Ne4 Be5 24. Ng3 Bd6 25. Rd4 Qf3+ 26. Qxf3 Nxf3 27. Re4
a5 28. Rxe6 Ne5 29. Ra7 Nd3 30. Bxd3 cxd3 31. Re3 Bc5 32. Rxd3 Rxf2+ 33. Kh3
Rxb2 34. Ne4 Bg1 35. Rxe7 Rf8 36. Rdd7 Rxh2+ 37. Kg3 Rh5 38. Rg7+ Kh8 39. Kg4
Bh2 40. Ng3 Bxg3 41. Kxg3 Rc8 42. Rge7 Rxc3+ 43. Kf4 Rc8 44. Rb7 b5 45. Ra7 a4
46. Reb7 b4 47. Kg3 b3 48. axb3 axb3 49. Rxb3 Rf8 50. Rbb7 Rh1 51. Kg4 Rh6 52.
Kg3 Rg8 53. Rb6 Rh5 54. Kg4 Rh1 55. Kg5 h6+ 56. Kf4 Rf1+ 57. Ke3 Rg7 58. Rb8+
Kh7 59. Raa8 Re7+ 60. Kd2 h5 61. Rh8+ Kg7 62. Rag8+ Kf6 63. Rh6 Rf2+ 64. Kd1
Rg2 65. Rb8 Ra7 66. Rb6+ Kg7 0-1

[Event "38th Greek Team Championship"]
[Site "Olympic Boxing Center, Periste"]
[Date "2010.07.05"]
[Round "1.1"]
[White "Iordanidou, Zoi"]
[Black "Kontogianni, Maria-Hristina"]
[Result "1-0"]
[WhiteElo "2107"]
[BlackElo "1611"]
[PlyCount "73"]
[EventDate "2010.07.05"]
[WhiteTeam "PS PERISTERIOU"]
[BlackTeam "SO PATRON"]

1. e4 c5 2. Nf3 Nc6 3. d3 g6 4. g3 Bg7 5. Bg2 d6 6. c3 Nf6 7. O-O O-O 8. Nbd2
Ng4 9. h3 Nge5 10. Ne1 Nd7 11. f4 Nb6 12. a4 a5 13. Ndf3 Qc7 14. Be3 Bd7 15. g4
Rad8 16. Qc2 e6 17. Nh4 Ne7 18. Qf2 Nxa4 19. f5 exf5 20. gxf5 Bf6 21. Bh6 Bxh4
22. Qxh4 f6 23. Bxf8 Rxf8 24. fxg6 Nxg6 25. Qf2 b5 26. Qc2 Nb6 27. Qd2 a4 28.
Nc2 Be6 29. Ne3 Qd7 30. d4 Bxh3 31. Nf5 Bxg2 32. Qxg2 Kh8 33. Qh2 Nc4 34. Rae1
Ne7 35. Kh1 Ng6 36. Rg1 d5 37. Rxg6 1-0

[Event "38th Greek Team Championship"]
[Site "Olympic Boxing Center, Periste"]
[Date "2010.07.05"]
[Round "1.1"]
[White "Bellos, Ioannis"]
[Black "Sboukis, Konstantinos"]
[Result "1/2-1/2"]
[WhiteElo "1859"]
[BlackElo "1664"]
[PlyCount "160"]
[EventDate "2010.07.05"]
[WhiteTeam "PS PERISTERIOU"]
[BlackTeam "SO PATRON"]

1. e4 c5 2. Nf3 e6 3. d4 cxd4 4. Nxd4 Nf6 5. Nc3 Nc6 6. Nxc6 bxc6 7. e5 Nd5 8.
Ne4 Qa5+ 9. c3 f5 10. exf6 Nxf6 11. Nxf6+ gxf6 12. Be2 Ba6 13. O-O Bxe2 14.
Qxe2 O-O-O 15. Be3 Be7 16. b4 Qc7 17. Qa6+ Kb8 18. a4 Bd6 19. f4 Qb7 20. Qc4
Bc7 21. Rfb1 Bb6 22. Bxb6 Qxb6+ 23. Kh1 Ka8 24. b5 Rhg8 25. Qe4 Qc5 26. c4 Rg6
27. Rb2 e5 28. Rd1 d5 29. bxc6 Qxc6 30. cxd5 exf4 31. h3 Qd6 32. Rc2 Qe5 33.
Qf3 Rg3 34. Qf1 Qf5 35. Qc4 Qd7 36. Qxf4 Qd6 37. Rc8+ Kb7 38. Qc4 Rxc8 39. Rb1+
Qb6 40. Rxb6+ axb6 41. Qe4 Rg7 42. d6+ Rc6 43. Qe6 Rc1+ 44. Kh2 Rc2 45. Qe4+
Rc6 46. h4 Rd7 47. h5 h6 48. Qg6 Rdxd6 49. Qxh6 Rd4 50. Qg7+ Ka6 51. h6 Rxa4
52. h7 Rh4+ 53. Kg3 Rxh7 54. Qxh7 b5 55. Qe4 Kb6 56. Qd5 b4 57. Kf4 Kc7 58. g4
Rb6 59. Qf7+ Kb8 60. Qb3 Kb7 61. Ke4 Kc6 62. Kd4 Kb7 63. Kd5 Kc7 64. Kc5 Rc6+
65. Kb5 Rb6+ 66. Ka5 Rb7 67. Qf7+ Kc6 68. Qxf6+ Kc5 69. Qe5+ Kc6 70. Qe8+ Kc7
71. Qe5+ Kc6 72. Qe6+ Kc7 73. Qb3 Kc6 74. g5 Ra7+ 75. Kxb4 Rb7+ 76. Kc4 Rxb3
77. Kxb3 Kd6 78. g6 Ke7 79. g7 Kf7 80. g8=Q+ Kxg8 1/2-1/2

[Event "38th Greek Team Championship"]
[Site "Olympic Boxing Center, Periste"]
[Date "2010.07.05"]
[Round "1.1"]
[White "Sboukis, Athanasios"]
[Black "Tzouganakis, Panteleimon"]
[Result "1-0"]
[WhiteElo "1486"]
[BlackElo "2095"]
[PlyCount "97"]
[EventDate "2010.07.05"]
[WhiteTeam "SO PATRON"]
[BlackTeam "PS PERISTERIOU"]

1. d4 Nf6 2. Nf3 g6 3. b3 Bg7 4. Bb2 O-O 5. e3 d6 6. Nbd2 Nbd7 7. Bd3 c5 8. O-O
b6 9. c4 e6 10. Re1 Bb7 11. e4 Nh5 12. Qc2 Qe7 13. d5 Bxb2 14. Qxb2 e5 15. Nf1
Nf4 16. Qd2 Rae8 17. g3 Nxd3 18. Qxd3 Nf6 19. N3d2 Bc8 20. Kg2 Nh5 21. a3 f5
22. Nf3 Qf6 23. N1d2 f4 24. b4 g5 25. h3 fxg3 26. fxg3 Qg7 27. Ng1 g4 28. h4
Nf4+ 29. gxf4 exf4 30. Rab1 f3+ 31. Kf1 f2 32. Re2 g3 33. Kg2 Rf4 34. Ngf3 Qg4
35. Rh1 Ref8 36. bxc5 Rxf3 37. Nxf3 f1=Q+ 38. Rxf1 Qh3+ 39. Kg1 Bg4 40. Rg2
bxc5 41. Nd2 Rf2 42. Qxg3 Rxg2+ 43. Qxg2 Qxh4 44. Rf4 h5 45. Nf3 Qe7 46. Rxg4+
hxg4 47. Qxg4+ Kf8 48. Qf5+ Ke8 49. Qe6 1-0

[Event "38th Greek Team Championship"]
[Site "Olympic Boxing Center, Periste"]
[Date "2010.07.05"]
[Round "1.2"]
[White "Chatalbashev, Boris"]
[Black "Nikolaidis, Ioannis"]
[Result "1/2-1/2"]
[WhiteElo "2613"]
[BlackElo "2493"]
[PlyCount "60"]
[EventDate "2010.07.05"]
[WhiteTeam "SO ILIOUPOLIS"]
[BlackTeam "AO KYDON"]

1. d4 Nf6 2. c4 e6 3. Nf3 b6 4. e3 Bb7 5. Nc3 Bb4 6. Bd3 c5 7. O-O cxd4 8. exd4
Bxc3 9. bxc3 d6 10. a4 O-O 11. a5 Qc7 12. Bf4 Nbd7 13. Re1 Rfe8 14. Bg3 Rad8
15. axb6 axb6 16. Ra7 Ra8 17. Rxa8 Rxa8 18. Nd2 Qc6 19. Ne4 Nxe4 20. Bxe4 Qc8
21. Bxb7 Qxb7 22. Bxd6 Qc6 23. Qf3 Rc8 24. Qxc6 Rxc6 25. Bb4 Rxc4 26. d5 Nf6
27. dxe6 fxe6 28. Rxe6 Nd5 29. g3 Nxb4 30. cxb4 Rxb4 1/2-1/2

[Event "38th Greek Team Championship"]
[Site "Olympic Boxing Center, Periste"]
[Date "2010.07.05"]
[Round "1.2"]
[White "Souleidis, Georgios"]
[Black "Ignatiadis, Konstantinos"]
[Result "1/2-1/2"]
[WhiteElo "2410"]
[BlackElo "2206"]
[PlyCount "94"]
[EventDate "2010.07.05"]
[WhiteTeam "AO KYDON"]
[BlackTeam "SO ILIOUPOLIS"]

1. e4 c6 2. Nc3 d5 3. Nf3 Bg4 4. h3 Bxf3 5. Qxf3 e6 6. d4 Nf6 7. Bd3 Bb4 8. e5
Nfd7 9. Qg4 g6 10. O-O h5 11. Qg3 Nf8 12. Bg5 Be7 13. Bxe7 Qxe7 14. Ne2 Nbd7
15. b3 h4 16. Qe3 O-O-O 17. c4 f5 18. exf6 Qxf6 19. f4 Kb8 20. c5 Rg8 21. b4 g5
22. b5 cxb5 23. Bxb5 gxf4 24. Rxf4 Qg5 25. Qf3 Ng6 26. Rg4 Qe7 27. Bd3 Rdf8 28.
Qe3 Qf6 29. Rb1 Kc7 30. Kh1 Kc8 31. Qd2 Ne7 32. Rxg8 Rxg8 33. Qe3 e5 34. Bb5
Qg6 35. Bxd7+ Kxd7 36. Rg1 Qe4 37. Qxe4 dxe4 38. dxe5 Ke6 39. Rb1 Nf5 40. Kg1
Rc8 41. Rxb7 Rxc5 42. Rxa7 Kxe5 43. Kf2 Rc2 44. Ra5+ Kf6 45. Ra6+ Ke5 46. Ra5+
Kf6 47. Ra6+ Ke5 1/2-1/2

[Event "38th Greek Team Championship"]
[Site "Olympic Boxing Center, Periste"]
[Date "2010.07.05"]
[Round "1.2"]
[White "Gogolis, Alexandros"]
[Black "Zahariev, Zahari"]
[Result "0-1"]
[WhiteElo "2214"]
[BlackElo "2387"]
[PlyCount "59"]
[EventDate "2010.07.05"]
[WhiteTeam "SO ILIOUPOLIS"]
[BlackTeam "AO KYDON"]

1. d4 c5 2. c3 Nf6 3. Nf3 e6 4. Bg5 cxd4 5. cxd4 Qb6 6. Qc2 Nc6 7. Bxf6 gxf6 8.
e3 d5 9. Nc3 Bd7 10. Bb5 Bd6 11. O-O a6 12. Bxc6 Bxc6 13. Rfc1 O-O 14. Qe2 Qd8
15. Rc2 Kh8 16. e4 dxe4 17. Nxe4 Rg8 18. Nc3 Bd7 19. Rd1 Qe7 20. Nd2 Bb4 21.
Nf1 Bxc3 22. Rxc3 Bb5 23. Qe1 Bxf1 24. Kxf1 Qd6 25. Qe4 Qd7 26. Qh4 Rg6 27. Rg3
Kg7 28. Rh3 h6 29. Kg1 Qd5 30. Rg3 0-1

[Event "38th Greek Team Championship"]
[Site "Olympic Boxing Center, Periste"]
[Date "2010.07.05"]
[Round "1.2"]
[White "Kalogiannidis, Ioannis"]
[Black "Kazakos, Emmanouil"]
[Result "0-1"]
[WhiteElo "2038"]
[BlackElo "2054"]
[PlyCount "74"]
[EventDate "2010.07.05"]
[WhiteTeam "SO ILIOUPOLIS"]
[BlackTeam "AO KYDON"]

1. d4 e6 2. c4 Nf6 3. Nc3 Bb4 4. Qc2 O-O 5. a3 Bxc3+ 6. Qxc3 b6 7. Bg5 Bb7 8.
f3 h6 9. Bh4 d6 10. e4 c5 11. dxc5 bxc5 12. O-O-O Nc6 13. Bxf6 gxf6 14. h4 Nd4
15. Bd3 e5 16. g4 Rb8 17. Ne2 Kg7 18. Rdg1 Rh8 19. Rh3 Bc8 20. Rhg3 Rb3 21. Qd2
Rxa3 22. Nxd4 Ra1+ 23. Bb1 cxd4 24. g5 hxg5 25. hxg5 f5 26. b3 f4 27. R3g2 Qa5
28. Qxa5 Rxa5 29. Kb2 Rh3 30. b4 Ra6 31. Rf1 Be6 32. Bd3 Rb6 33. Kb3 a5 34. b5
Rxb5+ 35. Ka4 Rb4+ 36. Kxa5 Rb3 37. Rd2 Rh8 0-1

[Event "38th Greek Team Championship"]
[Site "Olympic Boxing Center, Periste"]
[Date "2010.07.05"]
[Round "1.2"]
[White "Anastasopoulou, Andrianna"]
[Black "Fragaki, Maria"]
[Result "0-1"]
[WhiteElo "1715"]
[BlackElo "1935"]
[PlyCount "114"]
[EventDate "2010.07.05"]
[WhiteTeam "SO ILIOUPOLIS"]
[BlackTeam "AO KYDON"]

1. d4 Nf6 2. c4 e6 3. Nc3 Bb4 4. a3 Bxc3+ 5. bxc3 c5 6. Bg5 Qa5 7. Bd2 d6 8. e3
Bd7 9. Bd3 Nc6 10. Ne2 O-O 11. O-O Qc7 12. f3 d5 13. cxd5 exd5 14. Qc2 Na5 15.
Rab1 c4 16. Bf5 Bxf5 17. Qxf5 Nb3 18. Qc2 a5 19. a4 Qd7 20. Nc1 Nxd2 21. Qxd2
Qxa4 22. Rxb7 Rab8 23. Rb2 Qd7 24. Ra2 Rb5 25. Ne2 Rfb8 26. Rfa1 Qc7 27. Qc2
Qb6 28. Kf2 g6 29. h3 Rd8 30. Ng3 h5 31. Qd2 h4 32. Ne2 Nh5 33. Qc2 Qe6 34. Qd2
Ra8 35. Re1 Qf5 36. Rb2 Rxb2 37. Qxb2 Nf6 38. Kg1 a4 39. Ra1 Qe6 40. Kf2 Qc6
41. Ra3 Ne8 42. Nc1 Nd6 43. Qc2 Nf5 44. e4 Qd6 45. Ra2 Qg3+ 46. Ke2 Qxg2+ 47.
Ke1 Qg1+ 48. Kd2 Qe3+ 49. Kd1 Qxf3+ 50. Qe2 Qxe4 51. Qxe4 dxe4 52. Ne2 Ne7 53.
Nf4 g5 54. Nh5 Nd5 55. Kd2 Kh7 56. Ra1 Kg6 57. Rf1 Kxh5 0-1

[Event "38th Greek Team Championship"]
[Site "Olympic Boxing Center, Periste"]
[Date "2010.07.05"]
[Round "1.3"]
[White "Kempinski, Robert"]
[Black "Lupulescu, Constantin"]
[Result "1/2-1/2"]
[WhiteElo "2612"]
[BlackElo "2618"]
[PlyCount "150"]
[EventDate "2010.07.05"]
[WhiteTeam "FYSIOLATRIS"]
[BlackTeam "PANIONIOS"]

1. d4 Nf6 2. c4 c5 3. d5 e6 4. Nc3 exd5 5. cxd5 d6 6. e4 g6 7. Bd3 Bg7 8. h3
O-O 9. Bg5 Re8 10. Nf3 a6 11. a4 h6 12. Be3 Nbd7 13. O-O Nh7 14. Qd2 g5 15. Ne2
c4 16. Bxc4 Rxe4 17. Rac1 Re8 18. Ng3 Ndf6 19. Rfe1 Bd7 20. a5 Ne4 21. Nxe4
Rxe4 22. Bd3 Re8 23. Bb6 Rxe1+ 24. Qxe1 Qe8 25. Qb4 Bb5 26. Bxh7+ Kxh7 27. Qxd6
Qe4 28. Rc7 Bc4 29. Rxf7 Qxd5 30. Rxg7+ Kxg7 31. Bd4+ Kh7 32. Qe7+ Qf7 33. Qe4+
Kg8 34. Qe5 Kh7 35. Qe4+ Kg8 36. Bc3 Be6 37. Ne5 Qh7 38. Qd4 Re8 39. f4 Rf8 40.
fxg5 hxg5 41. Nf3 Qh6 42. Qe3 Rf4 43. h4 Bf7 44. Qe7 Rxf3 45. gxf3 gxh4 46.
Qd8+ Qf8 47. Qxh4 Qc5+ 48. Kg2 Qh5 49. Qd4 Qg6+ 50. Kf2 Be8 51. Qd5+ Qf7 52.
Qe5 Qg6 53. Qd5+ Qf7 54. Qd8 Qg6 55. Ke3 Qe6+ 56. Kf2 Qg6 57. Be5 Qc2+ 58. Kg3
Qc6 59. Qh4 Qg6+ 60. Kf4 Bc6 61. Qd8+ Kf7 62. Qc7+ Ke8 63. Qb8+ Kf7 64. Qh8 Ke7
65. Qh4+ Ke8 66. Bf6 Qf7 67. Qh8+ Kd7 68. Qh3+ Kd6 69. Qf5 Qc4+ 70. Kg3 Qe6 71.
Qd3+ Qd5 72. Qa3+ Ke6 73. Bh4 Qe5+ 74. Kg2 Qe2+ 75. Bf2 Qd2 1/2-1/2

[Event "38th Greek Team Championship"]
[Site "Olympic Boxing Center, Periste"]
[Date "2010.07.05"]
[Round "1.3"]
[White "Nikolov, Momchil"]
[Black "Georgiadis, Ioannis"]
[Result "1/2-1/2"]
[WhiteElo "2552"]
[BlackElo "2457"]
[PlyCount "87"]
[EventDate "2010.07.05"]
[WhiteTeam "PANIONIOS"]
[BlackTeam "FYSIOLATRIS"]

1. d4 Nf6 2. c4 e6 3. Nc3 Bb4 4. Qc2 O-O 5. a3 Bxc3+ 6. Qxc3 d6 7. f3 Nbd7 8.
e4 c5 9. Be3 Qc7 10. Ne2 b6 11. Ng3 Ba6 12. Be2 Rac8 13. O-O cxd4 14. Qxd4 Rfd8
15. Rac1 Nc5 16. Qc3 Qb8 17. b4 Ncd7 18. Qb3 h6 19. Rfd1 Ne5 20. Bf1 Ng6 21.
Bd4 Nd7 22. Nh5 e5 23. Be3 Ndf8 24. Ng3 Ne7 25. Ne2 Rc7 26. Nc3 Qc8 27. c5 bxc5
28. bxc5 Rb7 29. Bxa6 Rxb3 30. Bxc8 Nxc8 31. a4 Ne6 32. c6 Ne7 33. Nd5 Nxd5 34.
exd5 Nc7 35. Bf2 Kf8 36. Rb1 Rxb1 37. Rxb1 Nxd5 38. Bxa7 Ke7 39. Rb7+ Ke6 40.
Bb8 Rc8 41. c7 Kd7 42. a5 Kc6 43. a6 Nb6 44. Kf2 1/2-1/2

[Event "38th Greek Team Championship"]
[Site "Olympic Boxing Center, Periste"]
[Date "2010.07.05"]
[Round "1.3"]
[White "Goumas, Georgios"]
[Black "Kofidis, Andreas"]
[Result "1/2-1/2"]
[WhiteElo "2298"]
[BlackElo "2402"]
[PlyCount "84"]
[EventDate "2010.07.05"]
[WhiteTeam "FYSIOLATRIS"]
[BlackTeam "PANIONIOS"]

1. e4 c5 2. Nf3 d6 3. d4 cxd4 4. Nxd4 Nf6 5. Nc3 g6 6. Be3 Bg7 7. f3 O-O 8. Qd2
Nc6 9. g4 Nxd4 10. Bxd4 Be6 11. h4 Qa5 12. h5 Rfc8 13. h6 Bh8 14. g5 Nd7 15.
Bxh8 Kxh8 16. f4 f6 17. Bb5 Rxc3 18. Bd3 fxg5 19. fxg5 Rac8 20. bxc3 Ne5 21.
O-O Kg8 22. Rab1 b6 23. Rb5 Qxc3 24. Qxc3 Rxc3 25. a4 Ra3 26. a5 Rxa5 27. Rxa5
bxa5 28. Ra1 Nf3+ 29. Kg2 Nxg5 30. Rxa5 Nh3 31. Rxa7 Kf7 32. Kg3 Kf6 33. e5+
Kxe5 34. Bxg6 Ng5 35. Bxh7 Nxh7 36. Rxe7 Nf6 37. h7 Nxh7 38. Rxh7 d5 39. c3 d4
40. Rh5+ Ke4 41. Rh4+ Kd3 42. cxd4 Bd5 1/2-1/2

[Event "38th Greek Team Championship"]
[Site "Olympic Boxing Center, Periste"]
[Date "2010.07.05"]
[Round "1.3"]
[White "Karagiannis, Athanasios"]
[Black "Sigalas, Frangiskos"]
[Result "1/2-1/2"]
[WhiteElo "2327"]
[BlackElo "2276"]
[PlyCount "89"]
[EventDate "2010.07.05"]
[WhiteTeam "PANIONIOS"]
[BlackTeam "FYSIOLATRIS"]

1. Nf3 Nf6 2. d4 e6 3. c4 b6 4. e3 Bb7 5. Bd3 d5 6. O-O Bd6 7. Nbd2 O-O 8. b3
Nbd7 9. Bb2 Ne4 10. Qe2 a5 11. Rac1 f5 12. cxd5 exd5 13. Ne5 Bxe5 14. dxe5 Ndc5
15. Rfd1 Nxd3 16. Qxd3 c5 17. Nf1 Ng5 18. Ng3 Ne4 19. Nf1 Ng5 20. a3 Qd7 21.
Ng3 f4 22. exf4 Rxf4 23. Nh5 Rh4 24. Ng3 Rf8 25. Qe3 Ne6 26. f3 d4 27. b4 axb4
28. axb4 Qa4 29. Qa3 Qxa3 30. Bxa3 Ra8 31. bxc5 Rxa3 32. c6 Ba6 33. c7 Rc3 34.
Nf5 Rh5 35. c8=Q+ Bxc8 36. Ne7+ Kf7 37. Nxc8 Rxe5 38. Nxb6 Rec5 39. Ra1 Rb5 40.
Ra7+ Kg6 41. Nd7 Re3 42. Ra6 Kf7 43. Ra7 Kg6 44. Ra6 Kf7 45. Ra7 1/2-1/2

[Event "38th Greek Team Championship"]
[Site "Olympic Boxing Center, Periste"]
[Date "2010.07.05"]
[Round "1.3"]
[White "Kaforos, Dimitrios-Alkis"]
[Black "Alexakis, Dimitrios"]
[Result "1/2-1/2"]
[WhiteElo "2214"]
[BlackElo "2204"]
[PlyCount "87"]
[EventDate "2010.07.05"]
[WhiteTeam "FYSIOLATRIS"]
[BlackTeam "PANIONIOS"]

1. Nf3 Nf6 2. d4 e6 3. c4 c5 4. d5 exd5 5. cxd5 d6 6. g3 g6 7. Bg2 Bg7 8. O-O
O-O 9. Nc3 a6 10. a4 Re8 11. Re1 Nbd7 12. Nd2 Rb8 13. Nc4 Ne5 14. Nxe5 Rxe5 15.
Bf4 Re8 16. a5 b5 17. axb6 Rxb6 18. Na4 Rb8 19. Qc2 Ng4 20. h3 Ne5 21. Bd2 f5
22. Bc3 Bd7 23. Kh2 g5 24. b3 Rf8 25. Nb2 Bb5 26. Nc4 f4 27. Nxe5 dxe5 28. g4
Qd6 29. Be4 Qh6 30. Bf5 Rbe8 31. Qe4 Qd6 32. Bxh7+ Kh8 33. Bf5 Rf6 34. e3 f3
35. Rac1 Be2 36. Be6 Rh6 37. Rh1 Rexe6 38. dxe6 Qxe6 39. Ba1 Qd6 40. Rc3 Rxh3+
41. Kxh3 Qh6+ 42. Kg3 Qxh1 43. Qa8+ Kh7 44. Qe4+ 1/2-1/2

[Event "38th Greek Team Championship"]
[Site "Olympic Boxing Center, Periste"]
[Date "2010.07.05"]
[Round "1.3"]
[White "Homatidis, Panagiotis"]
[Black "Tsokopoulos, Dedalos"]
[Result "1-0"]
[WhiteElo "2122"]
[BlackElo "1928"]
[PlyCount "57"]
[EventDate "2010.07.05"]
[WhiteTeam "FYSIOLATRIS"]
[BlackTeam "PANIONIOS"]

1. e4 c5 2. Nf3 d6 3. d4 cxd4 4. Nxd4 Nf6 5. f3 e6 6. c4 Be7 7. Nc3 a6 8. Be3
O-O 9. Be2 Qc7 10. O-O b6 11. Rc1 Nbd7 12. Qe1 Bb7 13. Qg3 Rfe8 14. Qh3 Rac8
15. g4 Nf8 16. g5 N6d7 17. f4 Nc5 18. Qg2 Qb8 19. b4 Ncd7 20. f5 Ne5 21. f6 Bd8
22. fxg7 Nfg6 23. Qf2 Qa8 24. h4 Kxg7 25. h5 Nh8 26. Qf4 h6 27. gxh6+ Kh7 28.
Kh2 Rg8 29. Rg1 1-0

[Event "38th Greek Team Championship"]
[Site "Olympic Boxing Center, Periste"]
[Date "2010.07.05"]
[Round "1.3"]
[White "Fotiadis, Ioannis"]
[Black "Fragkos, Vasilios"]
[Result "0-1"]
[WhiteElo "1765"]
[BlackElo "1966"]
[PlyCount "60"]
[EventDate "2010.07.05"]
[WhiteTeam "PANIONIOS"]
[BlackTeam "FYSIOLATRIS"]

1. e4 c5 2. Nf3 d6 3. d4 cxd4 4. Nxd4 Nf6 5. Nc3 e5 6. Ndb5 a6 7. Na3 b5 8. Nd5
Nxe4 9. Qf3 Nc5 10. b4 e4 11. Qe3 Bb7 12. Qd4 Nc6 13. Qd1 Ne6 14. Be3 Nxb4 15.
Nxb4 Qa5 16. Rb1 Qxa3 17. Qd2 Be7 18. c4 O-O 19. cxb5 axb5 20. Bxb5 d5 21. O-O
Bxb4 22. Rxb4 Qxa2 23. Rb2 Qa3 24. Rfb1 Qd6 25. Bc4 Bc6 26. Bxd5 Qxd5 27. Qxd5
Bxd5 28. Rb5 Bc4 29. Rh5 Bd3 30. Rd1 Be2 0-1

[Event "38th Greek Team Championship"]
[Site "Olympic Boxing Center, Periste"]
[Date "2010.07.05"]
[Round "1.4"]
[White "Hammer, Jon Ludvig"]
[Black "Nielsen, Peter Heine"]
[Result "1/2-1/2"]
[WhiteElo "2636"]
[BlackElo "2700"]
[PlyCount "93"]
[EventDate "2010.07.05"]
[WhiteTeam "LP FLORINAS"]
[BlackTeam "AEK"]

1. d4 d5 2. c4 c6 3. Nf3 Nf6 4. e3 Bf5 5. Nc3 e6 6. Nh4 Bg6 7. Be2 Nbd7 8. O-O
Bd6 9. g3 O-O 10. Nxg6 hxg6 11. Qc2 Rc8 12. Rd1 dxc4 13. Bxc4 c5 14. Nb5 Bb8
15. dxc5 Rxc5 16. b4 Rc8 17. Qb3 Be5 18. Nd4 Qc7 19. Bf1 Bxd4 20. Rxd4 Ne5 21.
Bg2 Nc4 22. Bb2 Nxb2 23. Qxb2 b6 24. Rad1 Rfd8 25. Rxd8+ Rxd8 26. Rc1 Qd6 27.
a3 g5 28. h3 g4 29. hxg4 Nxg4 30. Qc2 Qd2 31. Qxd2 Rxd2 32. Rc8+ Kh7 33. Rc2
Rd1+ 34. Bf1 Nh2 35. Kxh2 Rxf1 36. Kg2 Ra1 37. Rc7 Rxa3 38. Rxf7 Kg6 39. Rb7
Kf6 40. b5 g5 41. Kf3 Ra4 42. g4 Ra2 43. Rh7 Kg6 44. Re7 Kf6 45. Rh7 Kg6 46.
Re7 Kf6 47. Ke4 1/2-1/2

[Event "38th Greek Team Championship"]
[Site "Olympic Boxing Center, Periste"]
[Date "2010.07.05"]
[Round "1.4"]
[White "Moutousis, Konstantinos"]
[Black "Markidis, Konstantinos"]
[Result "1-0"]
[WhiteElo "2450"]
[BlackElo "2342"]
[PlyCount "67"]
[EventDate "2010.07.05"]
[WhiteTeam "AEK"]
[BlackTeam "LP FLORINAS"]

1. d4 Nf6 2. c4 g6 3. Nc3 Bg7 4. e4 d6 5. f4 c5 6. d5 O-O 7. Bd3 e6 8. dxe6
fxe6 9. Nge2 Nc6 10. O-O a6 11. h3 Nd4 12. Be3 e5 13. f5 gxf5 14. exf5 b5 15.
Bg5 Bb7 16. b3 bxc4 17. bxc4 Qa5 18. Bxf6 Bxf6 19. Be4 Rab8 20. Qd3 Kh8 21. Kh1
Nxe2 22. Nxe2 Bxe4 23. Qxe4 Rb2 24. Rad1 Rd2 25. Rxd2 Qxd2 26. Ng3 Qd4 27. Qe2
Be7 28. Ne4 d5 29. f6 Bd8 30. Qg4 Bxf6 31. cxd5 Be7 32. Rxf8+ Bxf8 33. Qf5 Bh6
34. Ng5 1-0

[Event "38th Greek Team Championship"]
[Site "Olympic Boxing Center, Periste"]
[Date "2010.07.05"]
[Round "1.4"]
[White "Nikolaou, Georgios"]
[Black "Kotrotsos, Vasilios"]
[Result "1/2-1/2"]
[WhiteElo "2275"]
[BlackElo "2337"]
[PlyCount "87"]
[EventDate "2010.07.05"]
[WhiteTeam "LP FLORINAS"]
[BlackTeam "AEK"]

1. Nf3 g6 2. g3 Bg7 3. d4 d6 4. Bg2 Nd7 5. O-O e5 6. c4 Ne7 7. Nc3 O-O 8. e4
exd4 9. Nxd4 Nc6 10. Nc2 Nc5 11. Ne3 Nd4 12. Ne2 Nce6 13. Nxd4 Nxd4 14. Bd2 Be6
15. Bc3 c5 16. f4 Qd7 17. Qd3 f5 18. exf5 gxf5 19. Rfe1 Rae8 20. Nc2 d5 21.
cxd5 Bxd5 22. Nxd4 cxd4 23. Bb4 Bxg2 24. Kxg2 Qd5+ 25. Qf3 Qxf3+ 26. Kxf3 Rxe1
27. Rxe1 Rc8 28. Re2 b6 29. b3 a5 30. Bd6 Rc3+ 31. Kf2 d3 32. Rd2 Bd4+ 33. Kf3
Rc2 34. Rxc2 dxc2 35. Ba3 Kf7 36. h3 h5 37. Bc1 Ke6 38. Ke2 Kd5 39. Kd3 Bf2 40.
a4 Bxg3 41. Be3 Bf2 42. Bc1 Bc5 43. Bb2 Bd6 44. Bc1 1/2-1/2